| 000 | 00887nas a2200277 4500 | ||
|---|---|---|---|
| 001 | BR2015007086 | ||
| 003 | BR-BrBNA | ||
| 005 | 20231205125955.0 | ||
| 007 | ta | ||
| 008 | 230509b bl.|||p| |||| 00| 00por d | ||
| 040 |
_aBR-BrBNA _bpor _cBiblioteca Nacional de Agricultura |
||
| 041 | _a(Pt) | ||
| 072 | _aF06 | ||
| 100 | 1 | _aSilva, A.A.F. da | |
| 100 | 1 | _aSouza, J.A.R. de | |
| 100 | 1 | _aCarvalho, W.B. de | |
| 100 | 1 | _aMendonça, R.B. | |
| 100 | 1 | _aMoreira, D.A. | |
| 245 | 1 | _aDistribuição da umidade do solo num sistema irrigado por gotejamento superficial com diferentes inclinações do terreno | |
| 650 | _aIRRIGAÇÃO POR GOTEJAMENTO | ||
| 650 | _aSOLO | ||
| 650 | _aBULBO | ||
| 773 | 0 |
_tEngenharia na Agricultura (Brazil) _xISSN 1414-3984 _g(May-Jun 2015), v. 23(3) p. 261-269 _wBR2015007086 |
|
| 909 |
_a202311 _bLúcia _c55 _dLúcia Elande |
||
| 942 |
_2AGRIS _n0 _cANA |
||
| 999 |
_c247208 _d247208 |
||